000 00822naa a22002777a 4500
001 BR8002384
003 BR-BrBNA
005 20240918174548.0
007 ta
008 230509b bl.||||| |||| 00| 0 por d
040 _aBR-BrBNA
_bpor
_cBiblioteca Nacional de Agricultura
041 _a(Pt)
072 _aE70; E15
_b0336
090 _aE70 BR8002384
100 1 _aBrum, A.L.
245 1 _aComercializacao da soja [Glycine max; Mercado internacional; Mercado nacional; Preco]
260 3 _aIjui, RS (Brasil):
_c1980.
500 _aTextos tecnicos Ijui, RS (Brasil): 1980. p. 27-42 (BR8002384-AM)E70
650 _aComercializacao
650 _aSoja
650 _aMercado internacional
650 _aMercado nacional
650 _aPreco medio
909 _a202404
_bLucia
_c55
_dLucia Elande
942 _cAM
_2AGRIS
999 _c312015
_d312015